LEGO Series 25 Minifigures by Picture - Statistics

General Stats
  • This quiz has been taken 11 times
  • The average score is 8 of 12
Answer Stats
Picture Answer % Correct
Triceratops Costume Fan
100%
Fierce Barbarian
88%
Harpy
75%
Train Kid
75%
Detective Noir
63%
Gamer Girl
63%
Mushroom Sprite
63%
Vampire Knight
63%
Fitness Instructer
50%
Goatherd
50%
Sprinter
50%
Pet Groomer
38%
No matching quizzes found
Score Distribution
Percent of People with Each Score
Percentile by Number Answered
Your Score History
You have not taken this quiz